01047nam a2200241 4500003001100000005001700011008004100028020001500069040003900084041000800123082001600131100001700147245016600164260008300330300002300413490005800436650001900494650001700513856016200530942000700692952009100699999001500790LK-CoMWRAF20231211132008.0231203b2005 |||||||| |||| 00| 0 eng d a9834240031 aLK-CoMWRAFdLK-CoMWRAFeLK-CoMWRAF aeng a305.42bOTT aOtto, Dianne aMaking United Nations human rights treaty bodies more effective :b a gender critique of reforms to the reporting process, the case of the "common core document" aKuala Lumpur: bInternational Women's Rights Action Watch Asia Pacific, c2005 a ii, 28 p. ; 22 cm a IWRAW Asia Pacific occasional papers series, vNo. 4 aWOMEN'S RIGHTS aHuman rights uhttps://www.iwraw-ap.org/wp-content/uploads/2019/08/OPS_4-Making-UN-HR-Treaty-Bodies-More-Effective-A-gender-critique-of-reforms-to-the-reporting-process.pdf cBK 00104070aMAINbMAINd2023-12-03l0o305.42 OTTpRAF3295r2023-12-03w2023-12-03yBK c4283d4283